Dos años de música en Europa (Record no. 145165)
[ view plain ]
| 000 -LEADER | |
|---|---|
| campo de control de longitud fija | 00823nam a2200193 i 4500 |
| 001 - NÚMERO DE CONTROL | |
| campo de control | 145165 |
| 003 - IDENTIFICADOR DE NÚMERO DE CONTROL | |
| campo de control | ES-MaACL |
| 005 - FECHA Y HORA DE LA ÚLTIMA TRANSACCIÓN | |
| campo de control | 20231228210626.0 |
| 007 - CAMPO FIJO DE DESCRIPCIÓN FÍSICA--INFORMACIÓN GENERAL | |
| campo de control de longitud fija | t| |
| 008 - DATOS DE LONGITUD FIJA--INFORMACIÓN GENERAL | |
| campo de control de longitud fija | 070214s1942 sp r ||||1| spa d |
| 100 1# - ENTRADA PRINCIPAL--NOMBRE DE PERSONA | |
| Nombre de persona | Sopeña Ibáñez, Federico, |
| Fechas asociadas al nombre | 1917-1991 |
| 9 (RLIN) | 107321 |
| 245 10 - MENCIÓN DEL TÍTULO | |
| Título | Dos años de música en Europa |
| Resto del título | : (Mozart-Bayreuth-Strawinsky) / |
| Mención de responsabilidad, etc. | Federico Sopeña Ibáñez. |
| 260 ## - PUBLICACIÓN, DISTRIBUCIÓN, ETC. | |
| Lugar de publicación, distribución, etc. | Madrid : |
| Nombre del editor, distribuidor, etc. | Espasa-Calpe, |
| Fecha de publicación, distribución, etc. | 1942. |
| 300 ## - DESCRIPCIÓN FÍSICA | |
| Extensión | 140 p. ; |
| Dimensiones | 19 cm. |
| 505 8# - NOTA DE CONTENIDO CON FORMATO | |
| Nota de contenido con formato | Contiene: Mozart; Bayreuth; Strawinsky; Isaac Albéniz; Joaquín Turina; Mauricio Ravel; Alfredo Casella y su última sinfonía; Manuel de Falla y el Retablo de Maese Pedro; Ernesto Halffter y su Sinfonietta; Joaquín Rodrigo y el Concierto de Aranjuez. |
| 650 00 - PUNTO DE ACCESO ADICIONAL DE MATERIA--TÉRMINO DE MATERIA | |
| Término de materia o nombre geográfico como elemento de entrada | Música- |
| Subdivisión cronológica | S.XX. |
| 9 (RLIN) | 15401 |
| 852 ## - LOCALIZACIÓN | |
| Ubicación | ES-MaACL |
| Número de control de estantería | B-9838 |
| Estatus retirado | Estado de pérdida | Estado de daño | No para préstamo | Biblioteca de origen | Biblioteca actual | Ubicación en estantería | Fecha de adquisición | Fuente de adquisición | Total de préstamos | Signatura topográfica completa | Código de barras | Visto por última vez | Precio de reemplazo | Tipo de ítem Koha |
|---|---|---|---|---|---|---|---|---|---|---|---|---|---|---|
| Biblioteca del Ateneo de Madrid | Biblioteca del Ateneo de Madrid | Sala Pardo Bazán | 17/01/2008 | B-9838 | 1151530 | 23/02/2023 | 23/02/2023 | Libro impreso |
